Physics for scientists and engineers, with modern physics. (رقم التسجيلة. 30538)
[ عرض عادي ]
| 000 -الفاتح | |
|---|---|
| حقل البيانات ثابتة الطول | 00829cam a2200253 a 4500 |
| 001 - رقم الضبط | |
| رقم الضبط | 13221604 |
| 003 - محدد رقم الضبط | |
| رقم الضبط | OSt |
| 005 - وقت وتاريخ اخر تعامل مع التسجيلة | |
| رقم الضبط | 20150408114138.0 |
| 008 - عناصر البيانات ثابتة الطول - معلومات عامة | |
| حقل البيانات ثابتة الطول | 030602s2004 cauab 001 0 eng |
| 010 ## - رقم ضبط مكتبة الكونجرس | |
| رقم ضبط مكتبة الكونجرس | |
| 020 ## - الرقم الدولى المعيارى للكتب | |
| الرقم الدولى المعيارى للكتاب | 9780495112402 |
| 040 ## - مصدر الفهرسة | |
| وكالة الفهرسة الأصلية | Ma-Un |
| لغة الفهرسة | eng |
| 082 00 - رقم تصنيف ديوى العشرى | |
| رقم التصنيف | 530 |
| رقم الطبعة | 22 |
| 100 1# - المدخل الرئيسى - إسم شخصى | |
| الإسم الشخصى | Serway, Raymond A. |
| 9 (RLIN) | 5306 |
| 245 10 - بيان العنوان | |
| العنوان | Physics for scientists and engineers, with modern physics. |
| 250 ## - بيان الطبعة | |
| بيان الطبعة | 7th ed. / |
| بقية بيان الطبعة | Raymond A. Serway, John W. Jewett, Jr. |
| 260 ## - PUBLICATION, DISTRIBUTION, ETC. (IMPRINT) | |
| مكان الناشر او الموزع | Belmont, CA : |
| اسم الناشر او الموزع | Thomson-Brooks/Cole, |
| تاريخ النشر أو التوزيع | c2008. |
| 300 ## - الوصف المادى | |
| التعداد | xxiii, 1552, 64, 4, 28 p. : |
| تفاصيل ماديه اخرى للوعاء | ill. (some col.), col. map ; |
| أبعاد الوعاء | 29 cm. |
| 500 ## - تبصرة عامة | |
| تبصرة عامة | Includes index. |
| 650 #0 - المدخل الاضافى بالموضوع-مصطلح موضوعى | |
| مصطلح موضوعي أو اسم جغرافي كعنصر مدخل | Physics. |
| 700 1# - المدخل الاضافى - اسم شخصى | |
| الإسم الشخصى | Jewett, John W. |
| 9 (RLIN) | 5307 |
| 942 ## - عناصر المدخل الإضافي( كوها) | |
| مصدر التصنيف او مخطط الترفيف | Dewey Decimal Classification |
| Koha [default] item type | كتاب |
| حالة الفقد | نموذج السعر الفعال | حالة تلف | ليس للاعارة | رقم الطلب | تاريخ الاكتساب | الموقع الحالي | الباركود | الفرع الرئيسي | Date last checked out | Date last seen | نوع المادة فى نظام كوها | مصدر التصنيف او خطة الترفيف | Total Checkouts | Total Renewals | رقم النسخة |
|---|---|---|---|---|---|---|---|---|---|---|---|---|---|---|---|
| 2013-08-16 | 530 SRP | 2013-08-16 | المكتبة المركزية بالمجمعة (CL) | 00450396 | المكتبة المركزية بالمجمعة (CL) | 2015-08-30 | 2015-10-28 | كتاب | Dewey Decimal Classification | 3 | |||||
| 2013-08-16 | Not For Loan | 530 SRP | 2013-08-16 | المكتبة المركزية بالمجمعة (CL) | 00450397 | المكتبة المركزية بالمجمعة (CL) | 2013-08-16 | كتاب | Dewey Decimal Classification | ||||||
| 2013-08-18 | 530 SRP | 2013-08-18 | المكتبة المركزية بالمجمعة (CL) | 00450680 | المكتبة المركزية بالمجمعة (CL) | 2013-12-16 | 2014-06-12 | كتاب | Dewey Decimal Classification | 1 | 1 | ||||
| 2013-08-18 | 530 SRP | 2013-08-18 | مكتبة مجمع الكليات بالزلفى - طلاب (SZM) | 00450681 | مكتبة مجمع الكليات بالزلفى - طلاب (SZM) | 2014-04-09 | 2014-05-25 | كتاب | Dewey Decimal Classification | 2 | 1 | ||||
| 2013-08-18 | 530 SRP | 2013-08-18 | مكتبة مجمع الكليات بالزلفى - طلاب (SZM) | 00450682 | مكتبة مجمع الكليات بالزلفى - طلاب (SZM) | 2022-12-05 | 2023-05-07 | كتاب | Dewey Decimal Classification | 9 | 1 | 2 | |||
| 2013-08-18 | Not For Loan | 530 SRP | 2013-08-18 | مكتبة مجمع الكليات بالزلفى - طلاب (SZM) | 00450679 | مكتبة مجمع الكليات بالزلفى - طلاب (SZM) | 2023-01-17 | 2023-01-24 | كتاب | Dewey Decimal Classification | 5 | 3 |
